000 00399nam a2200145Ia 4500
008 240624s9999 xx 000 0 und d
041 _aeng
082 _a332.6457 CHA
100 _aCHANCE DON M
245 _aINTRODUCTION TO DERIVATIVES AND RISK MAN
250 _a(8th ed.)
260 _c2010
_aAustralia
_bSouth-Western Cengage Learning
300 _axviii, : 652 : p. : cm. ; 25
365 _c
_b25
999 _c16742
_d16742